| 000 -LEADER |
| fixed length control field |
00775nam a2200205 a 4500 |
| 001 - CONTROL NUMBER |
| control field |
:::00013587$&:&@@ |
| 003 - CONTROL NUMBER IDENTIFIER |
| control field |
OkBaRHE |
| 005 - DATE AND TIME OF LATEST TRANSACTION |
| control field |
20100324120655.0 |
| 008 - FIXED-LENGTH DATA ELEMENTS--GENERAL INFORMATION |
| fixed length control field |
s1953 j 000 0 eng u |
| 040 ## - CATALOGING SOURCE |
| Transcribing agency |
|
| 100 1# - MAIN ENTRY--PERSONAL NAME |
| Personal name |
Grosheide, Frederik Willem, 1881- |
| 245 10 - TITLE STATEMENT |
| Title |
Commentary on the first epistle to the Corinthians. |
| 260 ## - PUBLICATION, DISTRIBUTION, ETC. (IMPRINT) |
| Place of publication, distribution, etc |
Grand Rapids, MI., : |
| Name of publisher, distributor, etc |
W. B. Eerdmans Publishing Co. |
| Date of publication, distribution, etc |
1953 |
| 300 ## - PHYSICAL DESCRIPTION |
| Extent |
415 p. ; |
| Dimensions |
23 cm. |
| 490 0# - SERIES STATEMENT |
| Series statement |
The new international commentary on the New Testament |
| 650 ## - SUBJECT ADDED ENTRY--TOPICAL TERM |
| Topical term or geographic name as entry element |
Bible New Testament 1 Corinthians |
| General subdivision |
Commentaries |
| 653 ## - INDEX TERM--UNCONTROLLED |
| Uncontrolled term |
Bible New Testament 1 Corinthians--English 1953--American revised |
| 942 ## - ADDED ENTRY ELEMENTS (KOHA) |
| Source of classification or shelving scheme |
|
| Koha item type |
Books |